000
00330cam a2200133ua 4500
020
_a
9789380179018
082
_a
627.02
_b
JHO/PR
100
_a
Jhonson, Charlotte.
_9
1400
245
_a
Principles of Water Management in Agriculture
250
_a
1.st
260
_a
Jaipur:
_b
Oxford ,
_c
2009
300
_a
283.
942
_c
BK
999
_c
13612
_d
13612